| 000 | 00528cam a2200169u 4500 | ||
|---|---|---|---|
| 082 |
_a621.4821 _bEAS |
||
| 100 | 1 |
_aEastop, Thomas D. [from old catalog] _941821 |
|
| 245 | 1 | 0 | _aApplied thermodynamics for engineering technologists. |
| 260 |
_a[London], _bLongmans _c[1963], |
||
| 300 | _a738p. | ||
| 526 |
_a0 _b0 _c0 _d621_482100000000000_EAS |
||
| 526 |
_a0 _b0 _c0 _d621_482100000000000_EAS |
||
| 650 | 0 |
_aMCE _9379 |
|
| 650 | 0 |
_aThermodynamics. _97134 |
|
| 700 | 1 |
_aMcConkey, Allen, [from old catalog] _941822 |
|
| 942 |
_2ddc _cBK |
||
| 999 |
_c545849 _d545849 |
||